International express : Pre-Intermediate
Sparad:
| Huvudupphovsman: | |
|---|---|
| Materialtyp: | Bok |
| Språk: | Undetermined |
| Publicerad: |
Oxford
Oxford University Press
1996
|
| Ämnen: | |
| Taggar: |
Lägg till en tagg
Inga taggar, Lägg till första taggen!
|
| Thư viện lưu trữ: | Trung tâm Học liệu Trường Đại học Cần Thơ |
|---|
| LEADER | 00612nam a2200205Ia 4500 | ||
|---|---|---|---|
| 001 | CTU_118901 | ||
| 008 | 210402s9999 xx 000 0 und d | ||
| 082 | |a 428.34 | ||
| 082 | |b T238/Cas.1 | ||
| 100 | |a Taylor, Liz | ||
| 245 | 0 | |a International express : | |
| 245 | 0 | |b Pre-Intermediate | |
| 245 | 0 | |c Liz Taylor | |
| 260 | |a Oxford | ||
| 260 | |b Oxford University Press | ||
| 260 | |c 1996 | ||
| 650 | |a English language,English language,Listeing | ||
| 650 | |x Spoken english,Problems, exercises, etc.,Problems, exercises, etc. | ||
| 904 | |i M.Loan | ||
| 980 | |a Trung tâm Học liệu Trường Đại học Cần Thơ | ||